Normal view
MARC view
- Leech, Geoffrey N.
Entry Personal Name
001 - CONTROL NUMBER
- control field: 40306
003 - CONTROL NUMBER IDENTIFIER
- control field: OSt
005 - DATE AND TIME OF LATEST TRANSACTION
- control field: 20160717152739.0
008 - FIXED-LENGTH DATA ELEMENTS
- fixed length control field: 160623|| aca||aabn | a|a d
040 ## - CATALOGING SOURCE
- Original cataloging agency: OSt
100 1# - HEADING--PERSONAL NAME
- Personal name: Leech, Geoffrey N.
400 1# - SEE FROM TRACING--PERSONAL NAME
- Personal name: Leech, Geoffrey
400 1# - SEE FROM TRACING--PERSONAL NAME
- Personal name: Leech, Geoff